| 000 | 01317nam a22003017i 4500 | ||
|---|---|---|---|
| 003 | EG-ScBUE | ||
| 005 | 20220901101851.0 | ||
| 008 | 220731s2013 ua ao f 000 0 ara d | ||
| 017 | _a14488 | ||
| 020 | _a9789789774630 | ||
| 020 | _a9789774631683 | ||
| 040 |
_aEG-ScBUE _bara _erda _cEG-ScBUE _dEG-ScBUE |
||
| 082 | 0 | 4 |
_222 _a025.524 _bق ا س |
| 100 | 1 |
_aقاسم، حشمت، _d1943-2017، _eمؤلف. |
|
| 245 | 1 | 0 |
_aرحلة عربية فى المكتبات وعلم المعلومات : _bدراسات مهداة إلى الأستاذ الدكتور حشمت قاسم بمناسبة بلوغه سن السبعين / _cتحرير د. عبد الرحمن فراج. |
| 264 | 1 |
_aالقاهرة : _bدار غريب للطباعة والنشر والتوزيع، _c2013. |
|
| 300 |
_a379 صفحة : _bإيضاحيات، صور ملونة ؛ _c24 سم |
||
| 336 |
_2rdacontent _aنص _btxt |
||
| 337 |
_2rdamedia _aبدون وسيط _bn |
||
| 338 |
_2rdacarrier _aمجلد _bnc |
||
| 541 |
_cإهداء ؛ _aد. طارق محرم. |
||
| 650 | 7 |
_aالمعلومات، علم. _2BUEsh |
|
| 650 | 7 |
_aشبكات المكتبات والمعلومات. _2BUEsh |
|
| 653 |
_bGGEN _cSeptember2022 |
||
| 655 |
_vReading book _934232 |
||
| 700 | 1 |
_aفراج، عبد الرحمن، _eمحرر. |
|
| 942 | _2ddc | ||
| 999 |
_c29921 _d29892 |
||